[Event "Bundesliga 9495"]
[Site "Deutschland"]
[Date "1995.??.??"]
[Round "?.6"]
[White "Maus, Soenke"]
[Black "Moiseev, Viktor"]
[Result "1/2-1/2"]
[WhiteElo "2430"]
[BlackElo "2455"]
[PlyCount "89"]
[EventDate "1994.10.??"]
[EventType "team"]
[EventRounds "15"]
[EventCountry "GER"]
[SourceTitle "Bundesliga 9495"]
[Source "DeepChess"]
[SourceDate "2005.01.01"]
[SourceVersion "1"]
[SourceVersionDate "2005.01.01"]
[SourceQuality "1"]
[WhiteTeam "Hamburger SK 1830 e.V."]
[BlackTeam "PSV Turm Duisburg 1920 e.V."]
[WhiteTeamCountry "GER"]
[BlackTeamCountry "GER"]

1. e4 c5 2. Nc3 d6 3. Nge2 Nf6 4. g3 Nc6 5. Bg2 g6 6. O-O Bg7 7. d3 O-O 8. h3
Rb8 9. f4 Bd7 10. g4 b5 11. Ng3 b4 12. Nce2 Ne8 13. f5 a5 14. Rb1 a4 15. Bg5 a3
16. b3 Nd4 17. Qd2 Bc6 18. Bh6 Qb6 19. Kh1 Nxe2 20. Nxe2 Nf6 21. Qg5 Kh8 22.
Nf4 Bxh6 23. Qxh6 gxf5 24. exf5 Bxg2+ 25. Nxg2 Qc6 26. Rbe1 Nd5 27. Kh2 Rg8 28.
Re4 f6 29. Rfe1 Rg7 30. Nh4 Kg8 31. Rg1 Nc3 32. Ree1 d5 33. g5 Qd6+ 34. Kh1
fxg5 35. Re6 Qf4 36. Rxe7 Rxe7 37. Rxg5+ Qxg5 38. Qxg5+ Rg7 39. Qe3 Kh8 40. Qe5
Rf8 41. Nf3 Kg8 42. Qe6+ Kh8 43. Qe5 Kg8 44. Qe6+ Kh8 45. Qe5 1/2-1/2

[Event "Bundesliga 9495"]
[Site "Deutschland"]
[Date "1995.??.??"]
[Round "?.7"]
[White "Malich, Burkhard"]
[Black "Sievers, Stefan"]
[Result "1-0"]
[WhiteElo "2405"]
[BlackElo "2355"]
[PlyCount "107"]
[EventDate "1994.10.??"]
[EventType "team"]
[EventRounds "15"]
[EventCountry "GER"]
[SourceTitle "Bundesliga 9495"]
[Source "DeepChess"]
[SourceDate "2005.01.01"]
[SourceVersion "1"]
[SourceVersionDate "2005.01.01"]
[SourceQuality "1"]
[WhiteTeam "PSV Turm Duisburg 1920 e.V."]
[BlackTeam "Hamburger SK 1830 e.V."]
[WhiteTeamCountry "GER"]
[BlackTeamCountry "GER"]

1. Nf3 c5 2. c4 Nc6 3. g3 g6 4. Bg2 Bg7 5. O-O e6 6. Nc3 Nge7 7. d3 O-O 8. Bf4
h6 9. Qc1 Kh7 10. a3 Nd4 11. Rb1 d6 12. b4 Nec6 13. Re1 f5 14. Bd2 Rb8 15. bxc5
dxc5 16. Nxd4 cxd4 17. Bxc6 dxc3 18. Bxc3 Bd4 19. Bxd4 Qxd4 20. Qf4 Qxf4 21.
gxf4 Rd8 22. Rb3 b6 23. Reb1 Bb7 24. Bxb7 Rxb7 25. c5 Rdb8 26. a4 Kg7 27. a5 b5
28. a6 Rc7 29. Rxb5 Rxb5 30. Rxb5 Kf6 31. Rb7 Rxc5 32. Rxa7 Ra5 33. h4 Ra4 34.
Ra8 Ra2 35. Kg2 Ra3 36. Kf3 Kg7 37. Ke3 Ra4 38. a7 Kh7 39. d4 Ra3+ 40. Kd2 Kg7
41. f3 Kh7 42. Kc2 Kg7 43. Kb2 Ra5 44. Kb3 Ra1 45. Kb4 Ra2 46. e4 Ra1 47. Kc5
Ra4 48. Kb5 Ra1 49. Kb6 Rb1+ 50. Kc6 Ra1 51. Kd6 Ra6+ 52. Ke5 Kh7 53. Kf6 h5
54. e5 1-0

[Event "Bundesliga 9495"]
[Site "Deutschland"]
[Date "1995.??.??"]
[Round "?.1"]
[White "Bologan, Viktor"]
[Black "Wahls, Matthias"]
[Result "1/2-1/2"]
[WhiteElo "2540"]
[BlackElo "2555"]
[PlyCount "96"]
[EventDate "1994.10.??"]
[EventType "team"]
[EventRounds "15"]
[EventCountry "GER"]
[SourceTitle "Bundesliga 9495"]
[Source "DeepChess"]
[SourceDate "2005.01.01"]
[SourceVersion "1"]
[SourceVersionDate "2005.01.01"]
[SourceQuality "1"]
[WhiteTeam "Post SV Dresden"]
[BlackTeam "Hamburger SK 1830 e.V."]
[WhiteTeamCountry "GER"]
[BlackTeamCountry "GER"]

1. e4 c5 2. Nf3 d6 3. d4 cxd4 4. Nxd4 Nf6 5. Nc3 a6 6. Be3 e5 7. Nb3 Be7 8. f3
Be6 9. Qd2 Nbd7 10. g4 h6 11. O-O-O b5 12. Kb1 Nb6 13. h4 b4 14. Bxb6 Qxb6 15.
Nd5 Bxd5 16. exd5 a5 17. Bc4 O-O 18. Qe2 a4 19. Nd2 a3 20. Ne4 Nxe4 21. fxe4
axb2 22. g5 Ra3 23. gxh6 g6 24. Bb3 Qa6 25. Qf3 Ra8 26. Rdf1 f5 27. Qg3 g5 28.
Qd3 Rxa2 29. Qxa6 R2xa6 30. Kxb2 gxh4 31. Rhg1+ Kh8 32. Rxf5 Rf8 33. Rh5 Raa8
34. Rg7 Bf6 35. Rc7 Rac8 36. Rc6 Be7 37. h7 Kg7 38. Bc4 Rh8 39. Ba6 Rcf8 40.
Rc7 Rf7 41. Bc8 Kg6 42. Rf5 Rhxh7 43. Be6 Rf6 44. Rc8 Kh6 45. Kb3 Rg6 46. Rf2
Rg3+ 47. Kxb4 Bg5 48. Kb5 Be3 1/2-1/2

[Event "Bundesliga 9495"]
[Site "Deutschland"]
[Date "1995.??.??"]
[Round "?.2"]
[White "Ftacnik, Lubomir"]
[Black "Almasi, Zoltan"]
[Result "1-0"]
[WhiteElo "2605"]
[BlackElo "2590"]
[PlyCount "79"]
[EventDate "1994.10.??"]
[EventType "team"]
[EventRounds "15"]
[EventCountry "GER"]
[SourceTitle "Bundesliga 9495"]
[Source "DeepChess"]
[SourceDate "2005.01.01"]
[SourceVersion "1"]
[SourceVersionDate "2005.01.01"]
[SourceQuality "1"]
[WhiteTeam "Hamburger SK 1830 e.V."]
[BlackTeam "Post SV Dresden"]
[WhiteTeamCountry "GER"]
[BlackTeamCountry "GER"]

1. d4 Nf6 2. c4 e6 3. Nc3 Bb4 4. Qc2 O-O 5. a3 Bxc3+ 6. Qxc3 b6 7. g3 Bb7 8.
Nf3 d6 9. Bg2 Nbd7 10. O-O Qe7 11. b3 c5 12. Bb2 Rac8 13. Rad1 d5 14. cxd5 Bxd5
15. Nd2 Rfd8 16. e4 cxd4 17. Qxd4 e5 18. Qb4 Qxb4 19. axb4 Be6 20. Nc4 Ne8 21.
Rd2 f6 22. Rfd1 Kf8 23. f4 Ke7 24. Bf1 exf4 25. gxf4 h6 26. h4 g5 27. hxg5 hxg5
28. fxg5 fxg5 29. Ra1 Rc7 30. Rh2 Nf8 31. Be5 Rcd7 32. Rha2 Ng6 33. Bg3 Nf6 34.
Rxa7 Nxe4 35. Bc7 Re8 36. Bxb6 Nh4 37. Be2 g4 38. Rxd7+ Bxd7 39. Ra7 Nf3+ 40.
Kg2 1-0

[Event "Bundesliga 9495"]
[Site "Deutschland"]
[Date "1995.??.??"]
[Round "?.3"]
[White "Teske, Henrik"]
[Black "Movsziszian, Karen"]
[Result "1-0"]
[WhiteElo "2465"]
[BlackElo "2470"]
[PlyCount "55"]
[EventDate "1994.10.??"]
[EventType "team"]
[EventRounds "15"]
[EventCountry "GER"]
[SourceTitle "Bundesliga 9495"]
[Source "DeepChess"]
[SourceDate "2005.01.01"]
[SourceVersion "1"]
[SourceVersionDate "2005.01.01"]
[SourceQuality "1"]
[WhiteTeam "Post SV Dresden"]
[BlackTeam "Hamburger SK 1830 e.V."]
[WhiteTeamCountry "GER"]
[BlackTeamCountry "GER"]

1. d4 f5 2. Nc3 Nf6 3. Bg5 d5 4. Bxf6 exf6 5. e3 c6 6. Bd3 Bd6 7. Qf3 g6 8.
Nge2 Be6 9. h3 Nd7 10. g4 fxg4 11. hxg4 Bf7 12. Nf4 Nf8 13. O-O-O Qe7 14. e4
Bxf4+ 15. Qxf4 Ne6 16. Qe3 dxe4 17. Bxe4 Ng5 18. Rhe1 O-O 19. Qf4 Ne6 20. Qh6
Qd6 21. d5 Ng5 22. dxc6 Qf4+ 23. Kb1 bxc6 24. Bxc6 Rad8 25. Nd5 Qd6 26. f4 Be8
27. fxg5 Bxc6 28. Re7 1-0

[Event "Bundesliga 9495"]
[Site "Deutschland"]
[Date "1995.??.??"]
[Round "?.4"]
[White "Michaelsen, Nils"]
[Black "Uhlmann, Wolfgang"]
[Result "1/2-1/2"]
[WhiteElo "2430"]
[BlackElo "2470"]
[PlyCount "110"]
[EventDate "1994.10.??"]
[EventType "team"]
[EventRounds "15"]
[EventCountry "GER"]
[SourceTitle "Bundesliga 9495"]
[Source "DeepChess"]
[SourceDate "2005.01.01"]
[SourceVersion "1"]
[SourceVersionDate "2005.01.01"]
[SourceQuality "1"]
[WhiteTeam "Hamburger SK 1830 e.V."]
[BlackTeam "Post SV Dresden"]
[WhiteTeamCountry "GER"]
[BlackTeamCountry "GER"]

1. d4 Nf6 2. c4 g6 3. Nc3 Bg7 4. e4 d6 5. f4 O-O 6. Nf3 c5 7. d5 e6 8. Be2 exd5
9. cxd5 Re8 10. e5 dxe5 11. fxe5 Ng4 12. e6 fxe6 13. d6 Nc6 14. O-O Bd7 15. Ne4
Qb6 16. Nfg5 c4+ 17. Kh1 Ne3 18. Bxe3 Qxe3 19. Rf3 Qd4 20. Qe1 Rf8 21. Rd1 Qe5
22. Bxc4 h6 23. Rxf8+ Rxf8 24. Nf3 Qh5 25. Qe2 Ne5 26. Ng3 Qg4 27. Rd4 Rf4 28.
Nxe5 Qxe2 29. Nxe2 Rf1+ 30. Ng1 Bxe5 31. Re4 Rc1 32. Bxe6+ Bxe6 33. Rxe5 Kf7
34. h3 Rd1 35. a3 Rxd6 36. Nf3 Bd5 37. Re3 Re6 38. Rd3 Bc6 39. Nd4 Re1+ 40. Kh2
Be4 41. Rd2 Kf6 42. Kg3 Re3+ 43. Kf4 Rd3 44. Rxd3 Bxd3 45. h4 g5+ 46. hxg5+
hxg5+ 47. Ke3 Bf1 48. g3 Bg2 49. Nb5 a6 50. Nd6 Ke5 51. Nf7+ Kf5 52. Nd6+ Kg4
53. Kf2 Bd5 54. b3 Bxb3 55. Nxb7 Bd5 1/2-1/2

[Event "Bundesliga 9495"]
[Site "Deutschland"]
[Date "1995.??.??"]
[Round "?.5"]
[White "Maiwald, Jens Uwe"]
[Black "Loeffler, Stefan"]
[Result "1-0"]
[WhiteElo "2455"]
[BlackElo "2425"]
[PlyCount "81"]
[EventDate "1994.10.??"]
[EventType "team"]
[EventRounds "15"]
[EventCountry "GER"]
[SourceTitle "Bundesliga 9495"]
[Source "DeepChess"]
[SourceDate "2005.01.01"]
[SourceVersion "1"]
[SourceVersionDate "2005.01.01"]
[SourceQuality "1"]
[WhiteTeam "Post SV Dresden"]
[BlackTeam "Hamburger SK 1830 e.V."]
[WhiteTeamCountry "GER"]
[BlackTeamCountry "GER"]

1. Nf3 Nf6 2. g3 c5 3. Bg2 d5 4. O-O Nc6 5. d3 e5 6. e4 d4 7. h3 h6 8. a4 Be6
9. Na3 Nd7 10. c3 Be7 11. Nd2 g5 12. Ndc4 O-O 13. f4 f6 14. h4 Kh7 15. Qh5 Bf7
16. Qe2 Nb6 17. hxg5 hxg5 18. fxg5 fxg5 19. Nxb6 axb6 20. Bh3 Rxa4 21. c4 Kg7
22. Bd2 Rh8 23. Bg4 Ra8 24. Rf3 Qg8 25. Raf1 Rf8 26. Nb5 Qh7 27. Qg2 Bh5 28.
Rxf8 Bxf8 29. Nc7 Nd8 30. Bf5 Qh6 31. Qh2 Qc6 32. Nd5 Bf3 33. Rxf3 Rxh2 34.
Kxh2 Nf7 35. Bg4 Qa4 36. Bh5 Nd6 37. Bxg5 Qc2+ 38. Kh3 b5 39. Rf6 Kg8 40. Bg4
bxc4 41. Be6+ 1-0

[Event "Bundesliga 9495"]
[Site "Deutschland"]
[Date "1995.??.??"]
[Round "?.6"]
[White "Heinemann, Thies"]
[Black "Goldberg, Alexander"]
[Result "1-0"]
[WhiteElo "2400"]
[BlackElo "2405"]
[PlyCount "69"]
[EventDate "1994.10.??"]
[EventType "team"]
[EventRounds "15"]
[EventCountry "GER"]
[SourceTitle "Bundesliga 9495"]
[Source "DeepChess"]
[SourceDate "2005.01.01"]
[SourceVersion "1"]
[SourceVersionDate "2005.01.01"]
[SourceQuality "1"]
[WhiteTeam "Hamburger SK 1830 e.V."]
[BlackTeam "Post SV Dresden"]
[WhiteTeamCountry "GER"]
[BlackTeamCountry "GER"]

1. e4 e5 2. Bc4 Nf6 3. d3 Nc6 4. Nc3 Bb4 5. Nge2 d5 6. exd5 Nxd5 7. a3 Nxc3 8.
Nxc3 Bxc3+ 9. bxc3 O-O 10. O-O Na5 11. Ba2 c5 12. Qh5 c4 13. Qxe5 Re8 14. Qf4
Be6 15. dxc4 Rc8 16. Be3 Nxc4 17. Bd4 b6 18. Qg3 f6 19. Rfe1 Kh8 20. h3 Bf7 21.
a4 Qd7 22. Rxe8+ Rxe8 23. Bxc4 Bxc4 24. Qf4 Qe6 25. Qc7 Bd5 26. Qxa7 Qe4 27. f3
Qxc2 28. Qxb6 Bxf3 29. gxf3 Qg6+ 30. Kh2 Re2+ 31. Bf2 h5 32. Rg1 Qf5 33. Rg2
Qxf3 34. Qb8+ Kh7 35. Qc7 1-0

[Event "Bundesliga 9495"]
[Site "Deutschland"]
[Date "1995.??.??"]
[Round "?.7"]
[White "Kaminski, Uwe"]
[Black "Sievers, Stefan"]
[Result "1/2-1/2"]
[WhiteElo "2390"]
[BlackElo "2355"]
[PlyCount "76"]
[EventDate "1994.10.??"]
[EventType "team"]
[EventRounds "15"]
[EventCountry "GER"]
[SourceTitle "Bundesliga 9495"]
[Source "DeepChess"]
[SourceDate "2005.01.01"]
[SourceVersion "1"]
[SourceVersionDate "2005.01.01"]
[SourceQuality "1"]
[WhiteTeam "Post SV Dresden"]
[BlackTeam "Hamburger SK 1830 e.V."]
[WhiteTeamCountry "GER"]
[BlackTeamCountry "GER"]

1. e4 c5 2. Nf3 d6 3. d4 cxd4 4. Nxd4 Nf6 5. Nc3 g6 6. Be3 Bg7 7. f3 Nc6 8. Qd2
O-O 9. O-O-O d5 10. Kb1 Nxd4 11. e5 Nd7 12. Bxd4 e6 13. f4 a6 14. h4 b5 15. h5
b4 16. Na4 a5 17. g4 g5 18. h6 Bh8 19. Rh5 gxf4 20. Qxf4 f6 21. Bd3 Ba6 22.
Bxa6 Rxa6 23. Nc5 Nxc5 24. Bxc5 Rf7 25. Qe3 Rc6 26. Bd4 Qe7 27. Re1 Kf8 28.
exf6 Bxf6 29. Bxf6 Qxf6 30. Rxd5 Qf2 31. Rd8+ Ke7 32. Qg5+ Rf6 33. Red1 Qxc2+
34. Ka1 Rc7 35. Qg7+ Rf7 36. Qg5+ Rf6 37. Qg7+ Rf7 38. Qg5+ Rf6 1/2-1/2

[Event "Bundesliga 9495"]
[Site "Deutschland"]
[Date "1995.??.??"]
[Round "?.8"]
[White "Wegner, Hannu"]
[Black "Andresen, Steffen"]
[Result "1/2-1/2"]
[WhiteElo "2350"]
[BlackElo "2395"]
[PlyCount "104"]
[EventDate "1994.10.??"]
[EventType "team"]
[EventRounds "15"]
[EventCountry "GER"]
[SourceTitle "Bundesliga 9495"]
[Source "DeepChess"]
[SourceDate "2005.01.01"]
[SourceVersion "1"]
[SourceVersionDate "2005.01.01"]
[SourceQuality "1"]
[WhiteTeam "Hamburger SK 1830 e.V."]
[BlackTeam "Post SV Dresden"]
[WhiteTeamCountry "GER"]
[BlackTeamCountry "GER"]

1. Nf3 Nf6 2. c4 b6 3. g3 Bb7 4. Bg2 e6 5. O-O Be7 6. Nc3 O-O 7. Re1 d5 8. cxd5
exd5 9. d4 Ne4 10. Qc2 Bf6 11. Bf4 Re8 12. Rad1 Qe7 13. Nxe4 dxe4 14. Ne5 c5
15. Bxe4 Bxe4 16. Qxe4 Nd7 17. Qb7 Nxe5 18. Qxe7 Rxe7 19. dxe5 Bxe5 20. Bxe5
Rxe5 21. Rd7 Kf8 22. e3 Re7 23. Red1 Ke8 24. R7d5 Rc8 25. Kf1 f6 26. Ke2 Rec7
27. Kd3 b5 28. Kc3 Rc6 29. Rd7 R8c7 30. Rxc7 Rxc7 31. a4 bxa4 32. Ra1 Kd7 33.
Rxa4 Kd6 34. e4 Kc6 35. Ra6+ Kb5 36. Rd6 Re7 37. Kd3 Kb4 38. Rd8 Rb7 39. f4 Kb3
40. e5 fxe5 41. fxe5 a5 42. e6 Kxb2 43. Kc4 a4 44. Rd7 Rb6 45. e7 Re6 46. Rb7+
Kc2 47. Kxc5 a3 48. Ra7 Kb2 49. Kd5 Re2 50. Kd6 a2 51. Kd7 Rd2+ 52. Kc8 Rc2+
1/2-1/2

[Event "Bundesliga 9495"]
[Site "Deutschland"]
[Date "1995.??.??"]
[Round "?.1"]
[White "Wahls, Matthias"]
[Black "Hracek, Zbynek"]
[Result "1-0"]
[WhiteElo "2555"]
[BlackElo "2595"]
[PlyCount "103"]
[EventDate "1994.10.??"]
[EventType "team"]
[EventRounds "15"]
[EventCountry "GER"]
[SourceTitle "Bundesliga 9495"]
[Source "DeepChess"]
[SourceDate "2005.01.01"]
[SourceVersion "1"]
[SourceVersionDate "2005.01.01"]
[SourceQuality "1"]
[WhiteTeam "Hamburger SK 1830 e.V."]
[BlackTeam "SAbt SV Werder Bremen"]
[WhiteTeamCountry "GER"]
[BlackTeamCountry "GER"]

1. e4 c5 2. Nf3 Nc6 3. d4 cxd4 4. Nxd4 e5 5. Nb5 d6 6. N1c3 a6 7. Na3 Be6 8.
Nc4 b5 9. Ne3 Nf6 10. g3 Rc8 11. Bg2 h5 12. O-O h4 13. Ncd5 g6 14. c3 Bg7 15.
a4 b4 16. Nxb4 Nxb4 17. cxb4 hxg3 18. hxg3 Qd7 19. Re1 Bh3 20. Bf3 Be6 21. Qd3
Ng4 22. b3 Nxe3 23. Bxe3 Bg4 24. Bg2 Bh3 25. Bh1 Bg4 26. Rac1 Rb8 27. Bd2 Bh6
28. Bxh6 Rxh6 29. Rc3 Kf8 30. Qxa6 Kg7 31. Qd3 Rxb4 32. Rec1 Be6 33. Bf3 Rh8
34. Rc7 Qd8 35. Bd1 Rd4 36. Qc3 Rxe4 37. Bf3 Rd4 38. a5 Qf6 39. a6 e4 40. Bg2
Ra8 41. a7 d5 42. b4 Rd3 43. Qxf6+ Kxf6 44. b5 Rb3 45. Rb7 Bc8 46. Rb6+ Ke5 47.
Ra1 Bd7 48. Rb8 Bc6 49. Bf1 f5 50. b6 d4 51. Ba6 d3 52. Rxa8 1-0

[Event "Bundesliga 9495"]
[Site "Deutschland"]
[Date "1995.??.??"]
[Round "?.2"]
[White "Blatny, Pavel"]
[Black "Ftacnik, Lubomir"]
[Result "1/2-1/2"]
[WhiteElo "2485"]
[BlackElo "2605"]
[PlyCount "69"]
[EventDate "1994.10.??"]
[EventType "team"]
[EventRounds "15"]
[EventCountry "GER"]
[SourceTitle "Bundesliga 9495"]
[Source "DeepChess"]
[SourceDate "2005.01.01"]
[SourceVersion "1"]
[SourceVersionDate "2005.01.01"]
[SourceQuality "1"]
[WhiteTeam "SAbt SV Werder Bremen"]
[BlackTeam "Hamburger SK 1830 e.V."]
[WhiteTeamCountry "GER"]
[BlackTeamCountry "GER"]

1. e4 d6 2. d4 Nf6 3. f3 e5 4. dxe5 dxe5 5. Qxd8+ Kxd8 6. Bc4 Ke8 7. Be3 Nbd7
8. Nc3 c6 9. a4 a5 10. Nge2 Bc5 11. Nd1 Ke7 12. Nc1 Ne8 13. Nd3 Bxe3 14. Nxe3
Nd6 15. Bb3 b6 16. c3 Ba6 17. Bc2 g6 18. O-O-O Nc4 19. Rhe1 Nxe3 20. Rxe3 Rad8
21. Nf2 Nc5 22. Rxd8 Rxd8 23. b4 Ne6 24. Bd3 Ra8 25. Bxa6 Rxa6 26. Nd3 axb4 27.
Nxb4 Rxa4 28. Nxc6+ Kd6 29. Nb4 Ra1+ 30. Kb2 Rh1 31. Rd3+ Kc7 32. Nd5+ Kc6 33.
h3 Nf4 34. Nxf4 exf4 35. Rd2 1/2-1/2

[Event "Bundesliga 9495"]
[Site "Deutschland"]
[Date "1995.??.??"]
[Round "?.3"]
[White "Movsziszian, Karen"]
[Black "Knaak, Rainer"]
[Result "1-0"]
[WhiteElo "2470"]
[BlackElo "2540"]
[PlyCount "59"]
[EventDate "1994.10.??"]
[EventType "team"]
[EventRounds "15"]
[EventCountry "GER"]
[SourceTitle "Bundesliga 9495"]
[Source "DeepChess"]
[SourceDate "2005.01.01"]
[SourceVersion "1"]
[SourceVersionDate "2005.01.01"]
[SourceQuality "1"]
[WhiteTeam "Hamburger SK 1830 e.V."]
[BlackTeam "SAbt SV Werder Bremen"]
[WhiteTeamCountry "GER"]
[BlackTeamCountry "GER"]

1. e4 e6 2. d3 d5 3. Nd2 Nf6 4. g3 dxe4 5. dxe4 Bc5 6. Bg2 Nc6 7. Ngf3 a5 8.
O-O a4 9. e5 Ng4 10. Qe2 a3 11. Qc4 Bxf2+ 12. Rxf2 Nxf2 13. Kxf2 O-O 14. bxa3
f6 15. exf6 Qxf6 16. Rb1 Ra5 17. Kg1 Qf5 18. Nb3 Ne5 19. Qc3 Nxf3+ 20. Bxf3 Ra6
21. Bb2 Rf7 22. Rd1 Bd7 23. Nd4 Qe5 24. Re1 Qd6 25. Bxb7 Rb6 26. Be4 c5 27. Nf3
Rb8 28. Ng5 Rf6 29. Bxh7+ Kf8 30. Ne4 1-0

[Event "Bundesliga 9495"]
[Site "Deutschland"]
[Date "1995.??.??"]
[Round "?.5"]
[White "Maus, Soenke"]
[Black "Meins, Gerlef"]
[Result "1-0"]
[WhiteElo "2430"]
[BlackElo "2425"]
[PlyCount "85"]
[EventDate "1994.10.??"]
[EventType "team"]
[EventRounds "15"]
[EventCountry "GER"]
[SourceTitle "Bundesliga 9495"]
[Source "DeepChess"]
[SourceDate "2005.01.01"]
[SourceVersion "1"]
[SourceVersionDate "2005.01.01"]
[SourceQuality "1"]
[WhiteTeam "Hamburger SK 1830 e.V."]
[BlackTeam "SAbt SV Werder Bremen"]
[WhiteTeamCountry "GER"]
[BlackTeamCountry "GER"]

1. c4 e5 2. g3 c6 3. d4 exd4 4. Qxd4 d5 5. Nf3 Nf6 6. Bg2 Be7 7. cxd5 Qxd5 8.
Nc3 Qh5 9. Bg5 O-O 10. Qe5 Bg4 11. Qxe7 Bxf3 12. Bxf3 Qxg5 13. Qxb7 Nbd7 14.
Bxc6 Nc5 15. Qxa8 Rxa8 16. Bxa8 h5 17. h4 Qe5 18. O-O Qb8 19. Bf3 Qxb2 20. Rac1
Ne6 21. e3 g5 22. hxg5 Nxg5 23. Bg2 Ng4 24. Nd5 Kg7 25. Nf4 Nxf2 26. Nxh5+ Kh7
27. Rc7 Qe5 28. Rc4 Nd3 29. Kh2 Qxe3 30. Rh4 Kg8 31. Rf5 Ne5 32. Rhf4 Ne6 33.
Re4 Nf3+ 34. Bxf3 Qf2+ 35. Kh3 Qxa2 36. Nf4 Ng7 37. Rg5 Kf8 38. Rc5 Qa6 39.
Rec4 Ne6 40. Nxe6+ Qxe6+ 41. Kg2 Qd6 42. Rc8+ Kg7 43. Rg4+ 1-0

[Event "Bundesliga 9495"]
[Site "Deutschland"]
[Date "1995.??.??"]
[Round "?.6"]
[White "Floegel, Ulrich"]
[Black "Heinemann, Thies"]
[Result "1-0"]
[WhiteElo "2315"]
[BlackElo "2400"]
[PlyCount "69"]
[EventDate "1994.10.??"]
[EventType "team"]
[EventRounds "15"]
[EventCountry "GER"]
[SourceTitle "Bundesliga 9495"]
[Source "DeepChess"]
[SourceDate "2005.01.01"]
[SourceVersion "1"]
[SourceVersionDate "2005.01.01"]
[SourceQuality "1"]
[WhiteTeam "SAbt SV Werder Bremen"]
[BlackTeam "Hamburger SK 1830 e.V."]
[WhiteTeamCountry "GER"]
[BlackTeamCountry "GER"]

1. e4 c5 2. Nf3 d6 3. g3 Nf6 4. Qe2 Nc6 5. h3 g6 6. Bg2 Bg7 7. O-O O-O 8. c3
Qb6 9. d3 e6 10. Be3 Qa6 11. Nbd2 Rd8 12. Rfe1 b6 13. a3 d5 14. e5 Nd7 15. Bf4
b5 16. h4 Qb7 17. h5 Qc7 18. Nf1 b4 19. N1h2 bxc3 20. bxc3 Ba6 21. Ng4 Qa5 22.
Rac1 Rdb8 23. Nh6+ Kf8 24. hxg6 hxg6 25. Nxf7 Kxf7 26. Ng5+ Ke7 27. Nxe6 Bxe5
28. Bxd5 Kd6 29. Bxc6 Bxf4 30. Nxf4 Kxc6 31. Qe6+ Kc7 32. Nd5+ Kc8 33. Qc6+ Kd8
34. Re7 Rb7 35. Rce1 1-0

[Event "Bundesliga 9495"]
[Site "Deutschland"]
[Date "1995.??.??"]
[Round "?.7"]
[White "Sievers, Stefan"]
[Black "Meyer, Claus Dieter"]
[Result "1-0"]
[WhiteElo "2355"]
[BlackElo "2310"]
[PlyCount "61"]
[EventDate "1994.10.??"]
[EventType "team"]
[EventRounds "15"]
[EventCountry "GER"]
[SourceTitle "Bundesliga 9495"]
[Source "DeepChess"]
[SourceDate "2005.01.01"]
[SourceVersion "1"]
[SourceVersionDate "2005.01.01"]
[SourceQuality "1"]
[WhiteTeam "Hamburger SK 1830 e.V."]
[BlackTeam "SAbt SV Werder Bremen"]
[WhiteTeamCountry "GER"]
[BlackTeamCountry "GER"]

1. e4 c5 2. Nf3 Nc6 3. d4 cxd4 4. Nxd4 g6 5. c4 Bg7 6. Be3 Nf6 7. Nc3 Ng4 8.
Qxg4 Nxd4 9. Qd1 e5 10. Qd2 Qa5 11. Bxd4 exd4 12. Nb5 Qxd2+ 13. Kxd2 O-O 14. c5
b6 15. cxb6 axb6 16. Bc4 Ba6 17. a4 Bb7 18. Kd3 Bc6 19. f4 h6 20. g3 Kh7 21.
Rhe1 Bf6 22. b3 Bxb5 23. Bxb5 d6 24. Rac1 Rac8 25. Rc6 Rxc6 26. Bxc6 Rc8 27.
Rc1 Rc7 28. b4 Kg7 29. a5 bxa5 30. bxa5 Ra7 31. Ra1 1-0

[Event "Bundesliga 9495"]
[Site "Deutschland"]
[Date "1995.??.??"]
[Round "?.8"]
[White "Wenzel, Reinhard"]
[Black "Wegner, Hannu"]
[Result "1/2-1/2"]
[WhiteElo "2230"]
[BlackElo "2350"]
[PlyCount "59"]
[EventDate "1994.10.??"]
[EventType "team"]
[EventRounds "15"]
[EventCountry "GER"]
[SourceTitle "Bundesliga 9495"]
[Source "DeepChess"]
[SourceDate "2005.01.01"]
[SourceVersion "1"]
[SourceVersionDate "2005.01.01"]
[SourceQuality "1"]
[WhiteTeam "SAbt SV Werder Bremen"]
[BlackTeam "Hamburger SK 1830 e.V."]
[WhiteTeamCountry "GER"]
[BlackTeamCountry "GER"]

1. c4 e6 2. Nf3 d5 3. d4 c6 4. cxd5 exd5 5. Nc3 Bf5 6. Bg5 Be7 7. Qb3 Qb6 8.
Bxe7 Nxe7 9. Qa3 Na6 10. e3 Nb4 11. O-O-O O-O 12. Ne5 a5 13. g4 Be6 14. Be2 Qc7
15. Kb1 Rfc8 16. Na4 b6 17. f4 f6 18. Nd3 Nxd3 19. Rxd3 c5 20. dxc5 bxc5 21.
Rc1 c4 22. Bf3 Rab8 23. Rd4 Rb4 24. Nc3 Rcb8 25. Rc2 Qc5 26. Ka1 Nc6 27. Na4
Qb5 28. Nc3 Qc5 29. Na4 Qb5 30. Nc3 1/2-1/2

[Event "Bundesliga 9495"]
[Site "Deutschland"]
[Date "1995.??.??"]
[Round "?.1"]
[White "Wahls, Matthias"]
[Black "Adams, Michael"]
[Result "0-1"]
[WhiteElo "2555"]
[BlackElo "2655"]
[PlyCount "104"]
[EventDate "1994.10.??"]
[EventType "team"]
[EventRounds "15"]
[EventCountry "GER"]
[SourceTitle "Bundesliga 9495"]
[Source "DeepChess"]
[SourceDate "2005.01.01"]
[SourceVersion "1"]
[SourceVersionDate "2005.01.01"]
[SourceQuality "1"]
[WhiteTeam "Hamburger SK 1830 e.V."]
[BlackTeam "SG 1868 Aljech. Solingen"]
[WhiteTeamCountry "GER"]
[BlackTeamCountry "GER"]

1. e4 e5 2. Nf3 Nc6 3. Bb5 a6 4. Ba4 Nf6 5. O-O b5 6. Bb3 Bc5 7. c3 d6 8. d4
Bb6 9. Be3 Bg4 10. dxe5 Nxe5 11. Bxb6 Bxf3 12. gxf3 cxb6 13. f4 Nc4 14. e5 dxe5
15. Bxc4 bxc4 16. fxe5 Ne4 17. Qg4 Qd5 18. Re1 Nc5 19. Na3 b5 20. Nc2 h5 21.
Qd4 O-O-O 22. Qxd5 Rxd5 23. Re2 Nd3 24. a4 Kb7 25. axb5 axb5 26. Nb4 Nxb4 27.
cxb4 Re8 28. f4 g6 29. Rae1 Re6 30. Kf2 Kc6 31. Ra1 Rd4 32. Kf3 Kb6 33. Ra8 Re7
34. h4 Rd3+ 35. Re3 Red7 36. Re8 Rxe3+ 37. Kxe3 Rd3+ 38. Ke4 Rb3 39. e6 fxe6
40. Rxe6+ Kc7 41. Kd5 Rxb4 42. Re2 Kb6 43. Ke5 Ka5 44. Rf2 Rb3 45. Rg2 Rf3 46.
Rxg6 Rf2 47. f5 Rxb2 48. f6 Rf2 49. Rg8 c3 50. Rc8 Kb4 51. Ke6 Kb3 52. f7 c2
0-1